[Event "Quebec-ch classe U1800"]
[Site "Repentigny CAN"]
[Date "2003.11.21"]
[Round "1"]
[White "Louis, Jean-Kenel"]
[Black "Labrecque, Jason"]
[Result "1/2-1/2"]
[WhiteElo "1619"]
[BlackElo "1715"]
[PlyCount "97"]
[EventDate "2003.11.21"]
[EventType "swiss"]
[EventRounds "5"]
[EventCountry "CAN"]

1. Nf3 Nf6 2. g3 d5 3. Bg2 e6 4. O-O c5 5. d3 Nc6 6. Nbd2 Be7 7. Re1 O-O 8. e4
d4 9. a4 e5 10. Nf1 h6 11. h4 Re8 12. N3h2 Bd6 13. g4 Nh7 14. h5 Be7 15. Ng3
Bg5 16. Bh3 g6 17. Kh1 Qa5 18. Rf1 Bf4 19. Nf3 g5 20. Nf5 Bxf5 21. gxf5 Nf6 22.
Bxf4 exf4 23. Rg1 Nh7 24. Nd2 Ne5 25. Qc1 Nf6 26. Nb3 Qc7 27. Qxf4 Nxh5 28.
Rxg5+ hxg5 29. Qxg5+ Ng7 30. f6 Ng6 31. fxg7 Qe5 32. Qg4 Kxg7 33. Nd2 Rh8 34.
Nf3 Qh5 35. Kg2 Kf8 36. Rh1 Qxg4+ 37. Bxg4 Nf4+ 38. Kg1 Rxh1+ 39. Kxh1 f6 40.
Kh2 Ke7 41. Nh4 Ne6 42. Nf5+ Kd8 43. b3 Ng5 44. Kg3 Kc7 45. f4 Nf7 46. Ne7 Rh8
47. Nd5+ Kd6 48. Kg2 Rh6 49. c3 1/2-1/2

[Event "Quebec-ch classe U1800"]
[Site "Repentigny CAN"]
[Date "2003.11.21"]
[Round "1"]
[White "Mathews, Theo"]
[Black "Maheux, Pierre"]
[Result "0-1"]
[WhiteElo "1670"]
[BlackElo "1746"]
[PlyCount "68"]
[EventDate "2003.11.21"]
[EventType "swiss"]
[EventRounds "5"]
[EventCountry "CAN"]

1. e4 c5 2. Nf3 Nc6 3. d4 cxd4 4. Nxd4 e5 5. Nxc6 bxc6 6. Be3 Nf6 7. Nc3 Bb4 8.
Bd3 O-O 9. O-O d5 10. exd5 cxd5 11. Bg5 Be6 12. Be2 Bxc3 13. bxc3 Qa5 14. Bxf6
gxf6 15. Qd3 Kh8 16. Qf3 f5 17. Qe3 f6 18. Rfb1 f4 19. Qd2 Rac8 20. Rb7 Rxc3
21. Rxa7 Qc5 22. Rb7 Rxc2 23. Qe1 e4 24. Bf1 Rc8 25. Rbb1 Bf5 26. a4 e3 27.
fxe3 fxe3 28. Kh1 Be4 29. Rb5 Qa7 30. Qh4 Qg7 31. Qh3 Rg8 32. Qg3 Qxg3 33. hxg3
e2 34. Kg1 exf1=Q+ 0-1

[Event "Quebec-ch classe U1800"]
[Site "Repentigny CAN"]
[Date "2003.11.21"]
[Round "1"]
[White "Paquin, Pierre"]
[Black "Blais, Georges"]
[Result "1-0"]
[WhiteElo "1721"]
[BlackElo "1633"]
[PlyCount "87"]
[EventDate "2003.11.21"]
[EventType "swiss"]
[EventRounds "5"]
[EventCountry "CAN"]

1. b4 a6 2. Bb2 Nf6 3. c4 b5 4. d3 Bb7 5. Nc3 e6 6. a3 c5 7. bxc5 Bxc5 8. d4
Ba7 9. cxb5 axb5 10. e3 Qa5 11. Nf3 b4 12. Qa4 Qxa4 13. Nxa4 Nc6 14. Bb5 O-O
15. O-O bxa3 16. Bxa3 Rfc8 17. Bc5 Nd5 18. e4 Nc7 19. Be2 Ba6 20. Bxa6 Nxa6 21.
Bxa7 Rxa7 22. Nb6 Rd8 23. d5 Ncb8 24. Rfc1 Rb7 25. Nc8 Kf8 26. Ng5 h6 27. Nd6
Rb6 28. Ngxf7 Ke7 29. Nxd8 Kxd6 30. Nf7+ Ke7 31. Ne5 exd5 32. exd5 d6 33. Nc6+
Nxc6 34. Rxc6 Rxc6 35. dxc6 Nc7 36. Ra7 Kd8 37. f3 Kc8 38. Kf2 Kb8 39. Rb7+ Kc8
40. Ke3 Ne8 41. Kd4 Nc7 42. Rxc7+ Kxc7 43. Kd5 g6 44. h4 1-0

[Event "Quebec-ch classe U1800"]
[Site "Repentigny CAN"]
[Date "2003.11.21"]
[Round "1"]
[White "Prefontaine, Louis"]
[Black "Dupont, Alain"]
[Result "1-0"]
[WhiteElo "1764"]
[BlackElo "1672"]
[PlyCount "64"]
[EventDate "2003.11.21"]
[EventType "swiss"]
[EventRounds "5"]
[EventCountry "CAN"]

1. d4 e6 2. c4 c5 3. Nf3 Nf6 4. Nc3 a6 5. e4 cxd4 6. Nxd4 Bb4 7. Qc2 Bxc3+ 8.
bxc3 Qa5 9. Rb1 d6 10. Be2 Nbd7 11. Be3 O-O 12. O-O d5 13. exd5 exd5 14. cxd5
Nxd5 15. Bd2 Qc7 16. c4 Re8 17. Bd3 N5f6 18. Rfe1 Rxe1+ 19. Rxe1 Nf8 20. h3 Bd7
21. Bc3 Rc8 22. Nf3 Qd8 23. Qb2 Bxh3 24. gxh3 Qxd3 25. Re3 Qg6+ 26. Kh2 b5 27.
Ne5 Qf5 28. Rf3 Qe6 29. cxb5 axb5 30. Qxb5 Ne4 31. Bd4 Ng6 32. Nxf7 Nh4 1-0

[Event "Quebec-ch classe U1800"]
[Site "Repentigny CAN"]
[Date "2003.11.21"]
[Round "1"]
[White "Rodriguez, Aaron"]
[Black "Delisle, Louis-Martin"]
[Result "1-0"]
[WhiteElo "1738"]
[BlackElo "1659"]
[PlyCount "63"]
[EventDate "2003.11.21"]
[EventType "swiss"]
[EventRounds "5"]
[EventCountry "CAN"]

1. e4 Nc6 2. Nf3 d6 3. d4 Nf6 4. Nc3 Bg4 5. Be3 e6 6. h3 Bh5 7. Be2 Be7 8. Qd2
a6 9. a3 O-O 10. Bd3 Nd7 11. g4 Bg6 12. h4 h5 13. gxh5 Bxh5 14. Ng5 Bf6 15. Be2
Bxe2 16. Nxe2 Nb6 17. b3 Qd7 18. O-O-O d5 19. e5 Be7 20. Kb2 Rfc8 21. Qd3 f5
22. exf6 Bxf6 23. Nf4 Bxg5 24. hxg5 Qf7 25. g6 Qf5 26. Qxf5 exf5 27. Rh7 Kf8
28. Nh5 Nd8 29. Rxg7 Ne6 30. Rf7+ Ke8 31. Nf6+ Kd8 32. g7 1-0

[Event "Quebec-ch classe U1800"]
[Site "Repentigny CAN"]
[Date "2003.11.21"]
[Round "1"]
[White "Rozybakiyev, Rasul"]
[Black "Baribeault, David"]
[Result "1/2-1/2"]
[WhiteElo "1652"]
[BlackElo "1741"]
[PlyCount "77"]
[EventDate "2003.11.21"]
[EventType "swiss"]
[EventRounds "5"]
[EventCountry "CAN"]

1. e4 c5 2. c3 Nf6 3. e5 Nd5 4. d4 e6 5. Nf3 Nc6 6. c4 Nc7 7. d5 exd5 8. cxd5
Nxe5 9. Nxe5 Qe7 10. Qe2 Nxd5 11. Nf3 Nb4 12. Qxe7+ Bxe7 13. Na3 a6 14. Be2 d5
15. O-O O-O 16. Bf4 Re8 17. Rfd1 Bf6 18. Rd2 c4 19. Nb1 Bf5 20. Nc3 Nc2 21. Rc1
d4 22. Nxd4 Nxd4 23. Bxc4 b5 24. Bf1 Rac8 25. Rcd1 Bg4 26. Rxd4 Bxd1 27. Rxd1
Bxc3 28. bxc3 Rxc3 29. g3 Rc2 30. Rd2 Rxd2 31. Bxd2 Rd8 32. Bb4 Rd4 33. a3 f6
34. h3 Rd7 35. Bg2 Rd1+ 36. Kh2 Rd7 37. Bc6 Rc7 38. Bd5+ Kh8 39. Kg2 1/2-1/2

[Event "Quebec-ch classe U1800"]
[Site "Repentigny CAN"]
[Date "2003.11.21"]
[Round "1"]
[White "Vivier, Christian"]
[Black "Lawson, Jonathan"]
[Result "1/2-1/2"]
[WhiteElo "1786"]
[BlackElo "1684"]
[PlyCount "125"]
[EventDate "2003.11.21"]
[EventType "swiss"]
[EventRounds "5"]
[EventCountry "CAN"]

1. e4 c5 2. Nf3 Nc6 3. d4 cxd4 4. Nxd4 e5 5. Nf5 d5 6. exd5 Bxf5 7. dxc6 Qxd1+
8. Kxd1 O-O-O+ 9. Bd2 bxc6 10. Ba6+ Kb8 11. Re1 f6 12. Kc1 Bd6 13. Re3 Be6 14.
Ba5 Rd7 15. Nd2 Ne7 16. Ne4 Bc7 17. Bxc7+ Kxc7 18. Nc5 Rd6 19. Nxe6+ Rxe6 20.
Rb3 Rb8 21. Rxb8 Kxb8 22. c3 f5 23. Kc2 Rh6 24. Rd1 Kc7 25. h3 Rg6 26. Bf1 f4
27. Re1 Kd6 28. Re4 Nf5 29. Ra4 Nh4 30. g3 fxg3 31. fxg3 Nf5 32. Bd3 Ne3+ 33.
Kd2 Rxg3 34. Rxa7 Rxh3 35. Rxg7 h5 36. a4 Nd5 37. Rg6+ Kc7 38. Be4 Rh2+ 39. Rg2
Rh4 40. Rg7+ Kb6 41. Bxd5 cxd5 42. Rg5 Rh2+ 43. Kc1 h4 44. Rxe5 h3 45. Rh5 Ka5
46. b3 Rh1+ 47. Kc2 h2 48. Rxd5+ Ka6 49. Rh5 Ra1 50. Rh6+ Kb7 51. Rh7+ Kc8 52.
Rh8+ Kd7 53. Rh7+ Ke8 54. Rh8+ Kf7 55. Rh7+ Kg8 56. Rxh2 Ra2+ 57. Kd3 Rxh2 58.
b4 Rh4 59. a5 Kf7 60. c4 Ke7 61. Kc3 Kd6 62. Kb3 Kc6 63. Kc3 1/2-1/2

[Event "Quebec-ch classe U1800"]
[Site "Repentigny CAN"]
[Date "2003.11.21"]
[Round "1"]
[White "Yoon, Richard"]
[Black "Lanzilotta, Marcelo"]
[Result "0-1"]
[WhiteElo "1608"]
[BlackElo "1732"]
[PlyCount "72"]
[EventDate "2003.11.21"]
[EventType "swiss"]
[EventRounds "5"]
[EventCountry "CAN"]

1. Nf3 c5 2. c4 Nc6 3. g3 Nf6 4. Bg2 e6 5. O-O d5 6. cxd5 Nxd5 7. Nc3 Be7 8. d3
O-O 9. Bd2 Bd7 10. Qb3 Na5 11. Qd1 Rc8 12. Ne5 Nc6 13. Nxd7 Qxd7 14. Rc1 Rfd8
15. Nxd5 exd5 16. Bc3 d4 17. Bd2 Qe6 18. b3 Bf8 19. Re1 Qd7 20. Rc2 Re8 21. Bc1
Nb4 22. Rb2 g6 23. a3 Nd5 24. Bxd5 Qxd5 25. Rb1 h5 26. Bf4 g5 27. Bd2 h4 28.
Qc1 h3 29. f3 g4 30. Kf2 Rxe2+ 31. Rxe2 Qxf3+ 32. Kg1 Qxe2 33. Qf1 Qxd2 34. Re1
Bh6 35. Re7 Be3+ 36. Kh1 Qf2 0-1

[Event "Quebec-ch classe U1800"]
[Site "Repentigny CAN"]
[Date "2003.11.22"]
[Round "2"]
[White "Baribeault, David"]
[Black "Louis, Jean-Kenel"]
[Result "1-0"]
[WhiteElo "1741"]
[BlackElo "1619"]
[PlyCount "69"]
[EventDate "2003.11.21"]
[EventType "swiss"]
[EventRounds "5"]
[EventCountry "CAN"]

1. e4 d6 2. d4 g6 3. Nf3 Bg7 4. Bc4 c6 5. Nc3 Nd7 6. Ng5 d5 7. exd5 Nb6 8. Qf3
Nf6 9. dxc6 Bg4 10. Bxf7+ Kf8 11. Ne6+ Bxe6 12. Bxe6 bxc6 13. Qxc6 Ne8 14. Qf3+
Nf6 15. Be3 a5 16. Ne4 Ra7 17. Nxf6 exf6 18. Qc6 Na8 19. d5 Rc7 20. Bc5+ Re7
21. Qd6 Qxd6 22. Bxd6 Ke8 23. Bxe7 Kxe7 24. O-O-O Kd6 25. Rhe1 f5 26. Rd3 a4
27. b4 Nb6 28. Bf7 Nc4 29. Re6+ Kd7 30. Ra6 a3 31. Be6+ Ke7 32. Ra7+ Kf6 33.
Rf7+ Kg5 34. Rxg7 f4 35. Rc7 1-0

[Event "Quebec-ch classe U1800"]
[Site "Repentigny CAN"]
[Date "2003.11.22"]
[Round "2"]
[White "Desjardins, Michel"]
[Black "Paquin, Pierre"]
[Result "0-1"]
[WhiteElo "1760"]
[BlackElo "1721"]
[PlyCount "90"]
[EventDate "2003.11.21"]
[EventType "swiss"]
[EventRounds "5"]
[EventCountry "CAN"]

1. f4 e5 2. fxe5 d6 3. exd6 Bxd6 4. Nf3 Bg4 5. g3 Qe7 6. Bg2 Nc6 7. Nc3 Nf6 8.
d3 O-O-O 9. Bg5 Bb4 10. Qd2 h6 11. Bxf6 gxf6 12. O-O-O Bxc3 13. Qxc3 Qxe2 14.
Rd2 Qe6 15. b3 Bxf3 16. Bxf3 Nd4 17. Rf2 Rhe8 18. Kb1 f5 19. Rhf1 Qb6 20. Bh5
Re7 21. Rf4 c5 22. Qc4 Qc7 23. Rxf5 Nxf5 24. Rxf5 b6 25. Rxf7 Rxf7 26. Bxf7 Rf8
27. Bg6 Qg7 28. Qe6+ Qd7 29. Qxd7+ Kxd7 30. g4 Rf2 31. h4 Kd6 32. h5 Ke5 33.
Kb2 Kd4 34. a4 Ke5 35. Bf5 Rxf5 36. gxf5 Kxf5 37. c3 Kg5 38. d4 cxd4 39. cxd4
Kxh5 40. d5 Kg6 41. Kc3 h5 42. Kd4 Kf6 43. a5 h4 44. axb6 axb6 45. d6 Ke6 0-1

[Event "Quebec-ch classe U1800"]
[Site "Repentigny CAN"]
[Date "2003.11.22"]
[Round "2"]
[White "Labrecque, Jason"]
[Black "Rozybakiyev, Rasul"]
[Result "0-1"]
[WhiteElo "1715"]
[BlackElo "1652"]
[PlyCount "80"]
[EventDate "2003.11.21"]
[EventType "swiss"]
[EventRounds "5"]
[EventCountry "CAN"]

1. e4 c5 2. d4 cxd4 3. Nf3 Nc6 4. Nxd4 e5 5. Nxc6 bxc6 6. Bc4 Nf6 7. Bg5 h6 8.
Bxf6 Qxf6 9. a3 Bc5 10. Qe2 Bb7 11. Nd2 O-O 12. Rd1 Rad8 13. b4 Bb6 14. O-O d5
15. Bb3 Rfe8 16. c4 Ba6 17. exd5 cxd5 18. b5 Bb7 19. cxd5 Bxd5 20. Bxd5 Rxd5
21. Ne4 Qe6 22. Rxd5 Qxd5 23. Rd1 Qb3 24. Qg4 Re6 25. a4 f5 26. Nd2 Qc2 27. Qe2
Rd6 28. Kf1 Ba5 29. Ke1 Rd4 30. f3 Rxd2 31. Rxd2 Qc1+ 32. Qd1 Bxd2+ 33. Ke2
Qxd1+ 34. Kxd1 Ba5 35. Ke2 Kf7 36. h3 Ke6 37. g4 g6 38. h4 f4 39. Kd3 Kd5 40.
h5 g5 0-1

[Event "Quebec-ch classe U1800"]
[Site "Repentigny CAN"]
[Date "2003.11.22"]
[Round "2"]
[White "Lanzilotta, Marcelo"]
[Black "Prefontaine, Louis"]
[Result "1-0"]
[WhiteElo "1732"]
[BlackElo "1764"]
[PlyCount "49"]
[EventDate "2003.11.21"]
[EventType "swiss"]
[EventRounds "5"]
[EventCountry "CAN"]

1. e4 c5 2. c3 Nf6 3. e5 Nd5 4. d4 cxd4 5. Qxd4 e6 6. Nf3 d6 7. Bg5 dxe5 8.
Qxe5 Qb6 9. Bc1 Nd7 10. Qg3 Qd6 11. Bd3 Nc5 12. Bc2 Bd7 13. Nbd2 Nf4 14. Nc4
Nfd3+ 15. Ke2 Qd5 16. Ne3 Nxc1+ 17. Rhxc1 Bb5+ 18. c4 Bxc4+ 19. Ke1 Nd3+ 20.
Bxd3 Bb4+ 21. Kf1 Qxd3+ 22. Kg1 Ba6 23. Qxg7 Rf8 24. Rd1 Qg6 25. Qd4 1-0

[Event "Quebec-ch classe U1800"]
[Site "Repentigny CAN"]
[Date "2003.11.22"]
[Round "2"]
[White "Lemire-Paquin, Alexandre"]
[Black "Rodriguez, Aaron"]
[Result "1/2-1/2"]
[WhiteElo "1707"]
[BlackElo "1738"]
[PlyCount "60"]
[EventDate "2003.11.21"]
[EventType "swiss"]
[EventRounds "5"]
[EventCountry "CAN"]

1. d4 g6 2. c4 Bg7 3. e4 d6 4. Nc3 Nf6 5. f3 O-O 6. Be3 b6 7. Bd3 c5 8. d5 Nbd7
9. Nge2 a6 10. O-O e6 11. a4 exd5 12. cxd5 Ne5 13. b3 Nh5 14. g4 Nxf3+ 15. Rxf3
Bxg4 16. Qf1 Bxf3 17. Qxf3 Qh4 18. Rf1 Be5 19. Qg2 Qe7 20. Bh6 Bg7 21. Bxg7
Nxg7 22. Nd1 Qe5 23. Ne3 Qe7 24. Ng4 Nh5 25. Ng3 Nxg3 26. Qxg3 f6 27. Qh4 Kg7
28. Qh6+ Kg8 29. Qh4 Kg7 30. Qh6+ Kg8 1/2-1/2

[Event "Quebec-ch classe U1800"]
[Site "Repentigny CAN"]
[Date "2003.11.22"]
[Round "2"]
[White "Maheux, Pierre"]
[Black "Cloutier, Mario"]
[Result "0-1"]
[WhiteElo "1746"]
[BlackElo "1701"]
[PlyCount "70"]
[EventDate "2003.11.21"]
[EventType "swiss"]
[EventRounds "5"]
[EventCountry "CAN"]

1. e4 c5 2. Nf3 Nc6 3. Bb5 g6 4. O-O Bg7 5. Nc3 e5 6. d3 d6 7. Bxc6+ bxc6 8. h3
Ne7 9. Be3 O-O 10. Qd2 Rb8 11. Rab1 f5 12. Bh6 f4 13. Bxg7 Kxg7 14. Ne2 Be6 15.
b3 h6 16. Kh2 g5 17. Rbd1 Ng6 18. c3 Kh7 19. d4 g4 20. Nfg1 f3 21. gxf3 gxf3
22. Ng3 Qh4 23. Nf5 Bxf5 24. exf5 Rxf5 25. dxc5 d5 26. Qd3 Rbf8 27. Rfe1 Qg5
28. Qf1 Qf4+ 29. Kh1 e4 30. c4 R8f7 31. cxd5 cxd5 32. Rd4 Rg5 33. Re3 Qe5 34.
Qd1 Nh4 35. Rc3 Rg2 0-1

[Event "Quebec-ch classe U1800"]
[Site "Repentigny CAN"]
[Date "2003.11.22"]
[Round "2"]
[White "Soskic, Radmilo"]
[Black "Vivier, Christian"]
[Result "0-1"]
[WhiteElo "1682"]
[BlackElo "1786"]
[PlyCount "130"]
[EventDate "2003.11.21"]
[EventType "swiss"]
[EventRounds "5"]
[EventCountry "CAN"]

1. e4 c6 2. d4 d5 3. e5 Bf5 4. Bd3 Bxd3 5. Qxd3 e6 6. Ne2 c5 7. c3 Nc6 8. O-O
Qb6 9. Kh1 Rc8 10. Na3 cxd4 11. cxd4 a6 12. Nc2 Nge7 13. f4 h5 14. f5 Nxf5 15.
Rxf5 exf5 16. Qxf5 Ne7 17. Qd3 g6 18. Ne3 Bh6 19. Nc3 Bxe3 20. Qxe3 Rd8 21. Qf2
Nf5 22. Bg5 Rd7 23. Bf6 O-O 24. Rd1 Rc8 25. g3 Rdc7 26. Nxd5 Qc6 27. Qg2 Rd7
28. Ne7+ Nxe7 29. Qxc6 bxc6 30. Kg2 Nd5 31. Bg5 c5 32. Kf3 cxd4 33. Rxd4 Rb8
34. b3 Rb4 35. Rd3 Rbb7 36. a3 Ne7 37. Rc3 Rbc7 38. Re3 Nf5 39. Re1 Rc3+ 40.
Kg2 Rxb3 41. a4 Rb2+ 42. Kh3 Rb6 43. Rc1 Re6 44. Rc8+ Kg7 45. Bf6+ Rxf6 46.
exf6+ Kxf6 47. Rc6+ Rd6 48. Rc4 Ke5 49. Rc7 f6 50. Ra7 Ne3 51. Re7+ Re6 52. Rg7
Kf5 53. Rc7 Re5 54. Rc6 Ra5 55. Rc3 Nd5 56. Rc4 Nb6 57. Rf4+ Ke5 58. Rb4 Nxa4
59. g4 hxg4+ 60. Kxg4 Nc3 61. Kf3 Ra2 62. h4 Nd5 63. Rg4 Ra3+ 64. Kf2 Nf4 65.
Rg1 Nh3+ 0-1

[Event "Quebec-ch classe U1800"]
[Site "Repentigny CAN"]
[Date "2003.11.22"]
[Round "3"]
[White "Chirito, Edward"]
[Black "Labrecque, Jason"]
[Result "1-0"]
[WhiteElo "1585"]
[BlackElo "1715"]
[PlyCount "51"]
[EventDate "2003.11.21"]
[EventType "swiss"]
[EventRounds "5"]
[EventCountry "CAN"]

1. d4 Nf6 2. Nf3 e6 3. Bg5 d5 4. e3 c5 5. c3 a6 6. Bd3 c4 7. Bc2 Bd6 8. Nbd2
Nbd7 9. O-O Qc7 10. e4 dxe4 11. Nxe4 h6 12. Nxd6+ Qxd6 13. Bh4 O-O 14. a4 b6
15. Qe2 Qc6 16. Bxf6 Nxf6 17. Ne5 Qd5 18. Qxc4 Bb7 19. Qxd5 Bxd5 20. f3 b5 21.
axb5 axb5 22. Bd3 Rab8 23. Ra7 Rb6 24. Rfa1 Rfb8 25. Rxf7 Bb3 26. Raa7 1-0

[Event "Quebec-ch classe U1800"]
[Site "Repentigny CAN"]
[Date "2003.11.22"]
[Round "3"]
[White "Cloutier, Richard"]
[Black "Paquin, Pierre"]
[Result "1-0"]
[WhiteElo "1701"]
[BlackElo "1721"]
[PlyCount "111"]
[EventDate "2003.11.21"]
[EventType "swiss"]
[EventRounds "5"]
[EventCountry "CAN"]

1. e4 Nf6 2. e5 Nd5 3. d4 d6 4. c4 Nb6 5. exd6 exd6 6. h3 Bf5 7. Nf3 Be7 8. Bd3
Bxd3 9. Qxd3 O-O 10. O-O Bf6 11. Nc3 g6 12. Ne4 Bg7 13. Ng3 Nc6 14. a3 a5 15.
Bg5 f6 16. Be3 d5 17. b3 a4 18. c5 Nc8 19. b4 N8e7 20. Rfe1 h6 21. Ne2 Qd7 22.
Bf4 Nd8 23. Bh2 g5 24. Ng3 c6 25. Ra2 f5 26. Rae2 Ng6 27. Nh5 Nf7 28. Nxg7 Kxg7
29. Ne5 Nfxe5 30. Bxe5+ Kf7 31. Re3 Rfe8 32. Qd1 f4 33. Qf3 Kg8 34. R3e2 Kh7
35. Qd3 Re6 36. h4 gxh4 37. Bxf4 Rae8 38. Be5 Kg8 39. f4 Nxe5 40. dxe5 Qg7 41.
Qh3 Rg6 42. Qxh4 Rg4 43. Qf2 h5 44. f5 Qf7 45. Re3 Rf8 46. f6 Qe6 47. Rg3 Kf7
48. Rxg4 hxg4 49. Qf4 Kg6 50. Kf2 Qf5 51. Kg3 Qxf4+ 52. Kxf4 Kf7 53. Kf5 Ke8
54. Rh1 g3 55. e6 d4 56. Rh7 1-0

[Event "Quebec-ch classe U1800"]
[Site "Repentigny CAN"]
[Date "2003.11.22"]
[Round "3"]
[White "Mathews, Theo"]
[Black "Dupont, Alain"]
[Result "1-0"]
[WhiteElo "1670"]
[BlackElo "1672"]
[PlyCount "47"]
[EventDate "2003.11.21"]
[EventType "swiss"]
[EventRounds "5"]
[EventCountry "CAN"]

1. e4 e6 2. d4 d5 3. exd5 exd5 4. Bd3 Bd6 5. Nf3 Nf6 6. O-O O-O 7. Bg5 h6 8.
Bh4 Bg4 9. Nbd2 Nbd7 10. c3 c6 11. Qc2 Qc7 12. h3 Be6 13. Bf5 Rfe8 14. Rae1
Bxf5 15. Qxf5 g6 16. Qc2 g5 17. Bg3 Bxg3 18. fxg3 Qxg3 19. Qf5 Kg7 20. Ne5 Kh8
21. Nxf7+ Kg8 22. Ne5 Rad8 23. Qg6+ Kh8 24. Nf7# 1-0

[Event "Quebec-ch classe U1800"]
[Site "Repentigny CAN"]
[Date "2003.11.22"]
[Round "3"]
[White "Rodriguez, Aaron"]
[Black "Lawson, Jonathan"]
[Result "1-0"]
[WhiteElo "1738"]
[BlackElo "1684"]
[PlyCount "87"]
[EventDate "2003.11.21"]
[EventType "swiss"]
[EventRounds "5"]
[EventCountry "CAN"]

1. e4 c5 2. Nf3 Nc6 3. d4 cxd4 4. Nxd4 e5 5. Nb5 d6 6. a4 Be7 7. N1c3 a6 8. Na3
Nf6 9. Nc4 Be6 10. Be3 O-O 11. f3 Nh5 12. Nb6 Rb8 13. Ncd5 Bg5 14. Bf2 Nf4 15.
h4 Bh6 16. g4 g6 17. g5 Bg7 18. Nxf4 exf4 19. c3 Ne5 20. Be2 f5 21. exf5 Bxf5
22. Qd5+ Kh8 23. O-O-O Qe8 24. Rhe1 Rd8 25. Qxb7 Rb8 26. Qxa6 Qc6 27. Qb5 Qc7
28. Nd5 Qf7 29. Bb6 Rfc8 30. Qa5 Nc6 31. Qa6 Ra8 32. Qb5 Rab8 33. Bc4 Ne5 34.
Bb3 Be6 35. Qe2 Qb7 36. a5 Qa8 37. Nc7 Rxc7 38. Bxe6 Rxb6 39. axb6 Rxc3+ 40.
bxc3 Qa1+ 41. Kc2 Qa4+ 42. Bb3 Qc6 43. Qe4 Qc8 44. Ra1 1-0

[Event "Quebec-ch classe U1800"]
[Site "Repentigny CAN"]
[Date "2003.11.22"]
[Round "3"]
[White "Rozybakiyev, Rasul"]
[Black "Lemire-Paquin, Alexandre"]
[Result "1/2-1/2"]
[WhiteElo "1652"]
[BlackElo "1707"]
[PlyCount "77"]
[EventDate "2003.11.21"]
[EventType "swiss"]
[EventRounds "5"]
[EventCountry "CAN"]

1. e4 c5 2. c3 d5 3. exd5 Qxd5 4. d4 Nc6 5. Nf3 Bg4 6. Be2 e6 7. Be3 cxd4 8.
cxd4 Bb4+ 9. Nc3 Qa5 10. Qb3 Nf6 11. O-O O-O 12. a3 Bxc3 13. bxc3 Qc7 14. Rab1
b6 15. h3 Bh5 16. c4 Rfd8 17. Rfd1 Na5 18. Qb4 Rac8 19. Rbc1 Nb7 20. Kh1 Nd7
21. Ng1 Bxe2 22. Nxe2 e5 23. Qc3 Re8 24. Ng3 Nd6 25. dxe5 Nxc4 26. Ne4 Qxe5 27.
Qxe5 Ndxe5 28. Nd6 Nxd6 29. Rxd6 Nc4 30. Rdd1 Nxe3 31. Rxc8 Rxc8 32. fxe3 a5
33. Rb1 Kf8 34. Rxb6 Rc3 35. Rb8+ Ke7 36. Rb7+ Ke6 37. Rb6+ Kd7 38. Rb7+ Ke8
39. Rb8+ 1/2-1/2

[Event "Quebec-ch classe U1800"]
[Site "Repentigny CAN"]
[Date "2003.11.22"]
[Round "3"]
[White "Vivier, Christian"]
[Black "Baribeault, David"]
[Result "1-0"]
[WhiteElo "1786"]
[BlackElo "1741"]
[PlyCount "57"]
[EventDate "2003.11.21"]
[EventType "swiss"]
[EventRounds "5"]
[EventCountry "CAN"]

1. e4 c5 2. Nf3 d6 3. d4 cxd4 4. Qxd4 Nc6 5. Bb5 Bd7 6. Bxc6 Bxc6 7. Nc3 Nf6 8.
Bg5 e5 9. Qd3 Qb6 10. O-O h6 11. Bxf6 gxf6 12. Nd5 Bxd5 13. Qxd5 Rc8 14. c4 Qc6
15. Rac1 Qxd5 16. cxd5 Rxc1 17. Rxc1 Kd7 18. Nh4 Rg8 19. h3 Be7 20. Nf5 Bf8 21.
Rc3 Rg6 22. Kh2 Rg8 23. Rg3 Rh8 24. Rc3 Rg8 25. b4 Rh8 26. b5 h5 27. a4 b6 28.
Rc6 h4 29. g3 1-0

[Event "Quebec-ch classe U1800"]
[Site "Repentigny CAN"]
[Date "2003.11.22"]
[Round "3"]
[White "Ye, Ling Feng"]
[Black "Forget, Luc"]
[Result "1/2-1/2"]
[WhiteElo "1831"]
[BlackElo "1807"]
[PlyCount "87"]
[EventDate "2003.11.21"]
[EventType "swiss"]
[EventRounds "5"]
[EventCountry "CAN"]

1. e4 c5 2. Nf3 Nc6 3. d4 cxd4 4. Nxd4 e5 5. Nb3 Nf6 6. Nc3 d6 7. Be2 Be7 8.
O-O O-O 9. Bg5 a6 10. a4 Kh8 11. Be3 Be6 12. f3 Na5 13. Nd2 Rc8 14. Na2 d5 15.
exd5 Nxd5 16. Bf2 f5 17. c3 Bg5 18. Nb3 Nxc3 19. Nxc3 Nxb3 20. Qxd8 Rfxd8 21.
Rad1 Kg8 22. g3 Nd4 23. f4 Nxe2+ 24. Nxe2 Bc4 25. fxg5 Bxe2 26. Rxd8+ Rxd8 27.
Rc1 Rd1+ 28. Rxd1 Bxd1 29. a5 Kf7 30. Bc5 Ke6 31. Kf2 f4 32. gxf4 exf4 33. Bd4
g6 34. h4 Kf5 35. Bc5 Kg4 36. Bd6 f3 37. Bg3 Be2 38. b4 Bd1 39. Bd6 Kxh4 40.
Bf4 Kg4 41. Bd2 Kf5 42. Be3 Ke6 43. Bd4 Kf7 44. Bc3 1/2-1/2

[Event "Quebec-ch classe U1800"]
[Site "Repentigny CAN"]
[Date "2003.11.23"]
[Round "4"]
[White "Baribeault, David"]
[Black "Malafarina, Luc"]
[Result "1-0"]
[WhiteElo "1741"]
[BlackElo "1718"]
[PlyCount "95"]
[EventDate "2003.11.21"]
[EventType "swiss"]
[EventRounds "5"]
[EventCountry "CAN"]

1. e4 c5 2. Nf3 d6 3. d4 cxd4 4. Nxd4 Nf6 5. Nc3 a6 6. Be2 e6 7. Be3 Be7 8. O-O
O-O 9. f4 Nc6 10. Qd2 Nxd4 11. Qxd4 Qc7 12. Rad1 Nd7 13. Qd2 b5 14. f5 Bb7 15.
fxe6 fxe6 16. Bg4 Nc5 17. b4 Nxe4 18. Bxe6+ Kh8 19. Nxe4 Bxe4 20. c3 Rad8 21.
Bd4 d5 22. Qe3 Qd6 23. Bg4 Qg6 24. Bf3 Bg5 25. Qe2 Bxf3 26. Rxf3 Rxf3 27. Qxf3
Qe4 28. Rf1 Qxf3 29. Rxf3 Kg8 30. Rg3 Bh6 31. Rf3 Rf8 32. Kf2 Rxf3+ 33. Kxf3
Kf7 34. h4 g6 35. g4 Bg7 36. Bxg7 Kxg7 37. Ke3 Kf6 38. Kd4 h5 39. gxh5 gxh5 40.
Kxd5 Kf5 41. c4 bxc4 42. Kxc4 Kg4 43. a4 Kxh4 44. b5 axb5+ 45. axb5 Kg4 46. b6
h4 47. b7 h3 48. b8=Q 1-0

[Event "Quebec-ch classe U1800"]
[Site "Repentigny CAN"]
[Date "2003.11.23"]
[Round "4"]
[White "Cloutier, Richard"]
[Black "Vivier, Christian"]
[Result "1/2-1/2"]
[WhiteElo "1701"]
[BlackElo "1786"]
[PlyCount "119"]
[EventDate "2003.11.21"]
[EventType "swiss"]
[EventRounds "5"]
[EventCountry "CAN"]

1. e4 c6 2. d4 d5 3. exd5 cxd5 4. Bd3 Nc6 5. c3 g6 6. Bf4 Bg7 7. Nd2 Nf6 8.
Ngf3 O-O 9. O-O Re8 10. Re1 Nh5 11. Be3 a6 12. a4 Qc7 13. g3 Bg4 14. Be2 Rad8
15. Nh4 Bxe2 16. Rxe2 e5 17. dxe5 Nxe5 18. Ndf3 Nc4 19. Bd4 Bxd4 20. Nxd4 Rxe2
21. Qxe2 Nf6 22. b3 Nb6 23. Qd3 Qe5 24. Rd1 Rc8 25. Nhf3 Qc7 26. Ne2 Qc5 27.
Qd4 Qxd4 28. Rxd4 Nbd7 29. Rb4 Rc7 30. Rd4 Nc5 31. Nd2 a5 32. Nf4 Rd7 33. h4
Ne6 34. Nxe6 fxe6 35. f4 Rc7 36. c4 Kf7 37. Kg2 Ng4 38. Kf3 h5 39. Ke2 Rd7 40.
cxd5 Rxd5 41. Rxd5 exd5 42. Kd3 Ke6 43. Kd4 Kd6 44. Nf3 b6 45. Ng5 Nh6 46. Kc3
Nf5 47. Nf7+ Ke6 48. Ne5 Nxg3 49. Nxg6 Kf5 50. Ne7+ Ke4 51. Kd2 Nf5 52. Nc8
Nxh4 53. Nxb6 Nf3+ 54. Ke2 Nd4+ 55. Kf2 h4 56. b4 axb4 57. a5 b3 58. Na4 Kxf4
59. a6 Nc6 60. Nc5 1/2-1/2